| 000 | 00659nam a2200217Ia 4500 | ||
|---|---|---|---|
| 003 | GCL | ||
| 008 | 140319s9999 xx 000 0 ara d | ||
| 040 |
_aGCL / _cGCL |
||
| 082 | 0 | 4 |
_a212 _bح ا |
| 100 | 1 | _aحسن الشرقاوى | |
| 245 | 1 | 0 |
_aالاخلاق الاسلامية / _cحسن الشرقاوى |
| 260 |
_aالقاهرة : _bمؤسسة مختار للنشر ، _c1988 |
||
| 300 |
_a416ص ؛ _c24 سم |
||
| 490 |
_aكتاب _v0 |
||
| 650 | 0 | 4 | _aالاخلاق الاسلامية |
| 650 | 0 | 4 | _aالاخلاق |
| 650 | 0 | 4 | _aاخلاق الرسول |
| 650 | 0 | 4 | _aالاخلاق فى القران |
| 650 | 0 | 4 | _aمذاهب |
| 942 |
_2ddc _cBK |
||
| 999 |
_c42939 _d42939 |
||